00957 2200325 4500001002100000005001500021035002000036007000300056040001700059100003900076245004700115250001200162300003400174041000800208082001000216084001400226090002000240264005200260336002100312337003000333338002300363650002100386700003100407700004200438700004100480700004100521850001000562008004100572990001800613INLIS00000000000819420260526021331 a0010-0922000683ta aSBPUPADbind0 aAneka Hobi Rumah TanggaePengarang1 aAneka Hobi Rumah Tangga /cEditor, Sumadia a.-cet.1 a116 hlm :bilus ;c23 X 27 cm17aind a646.4 a646.4 ANE a659 CHR m L21-8 a.--NewYork :bPlenary Publication Internasional 2rdacontentateks 2rdamediaatanpa perantara 2rdacarrieravolume 4aKerajinan Tangan0 aEditor, SumadiaePengarang0 aEditor Ke-2, Dikcy SoetadiePengarang0 aEditor Ke-3, Hardi AtmokoePengarang0 aPenerjemah, Marida LinggaePengarang aPUPAD260526 0  a14076/BR/2017